000 00695nam a2200253 i 4500
001 C2-0296679
003 PPAK
005 20180728075016.0
008 090423s2008 my a|||| ||||| | eng d
020 _a9789833866540
040 _aPPAK
_beng
_cPPAK
_erda
082 0 4 _a398.24
_223
090 0 0 _a398.24
_bFLY
_dK
245 0 4 _aThe fly and the donkey
264 1 _aBatu Caves, Selangor :
_bEducation Matters ,
_c2008
300 _a[14] pages :
_bcolour illustrations ;
_c30 cm
336 _2rdacontent
_atext
337 _2rdamedia
_aunmediated
338 _2rdacarrier
_avolume
490 1 _aAesop's moral tales
650 1 0 _aFables
830 0 _aAesop's moral tales
942 _ddc
_cB
999 _c101116
_d101116